A Practical Guide to Activities for Young Children. (Record no. 3483)

MARC details
000 -LEADER
fixed length control field 00376nam a22001217a 4500
005 - DATE AND TIME OF LATEST TRANSACTION
control field 20201203151230.0
008 - FIXED-LENGTH DATA ELEMENTS--GENERAL INFORMATION
fixed length control field 201203b ||||| |||| 00| 0 eng d
020 ## - INTERNATIONAL STANDARD BOOK NUMBER
International Standard Book Number 9780273725008
040 ## - CATALOGING SOURCE
Transcribing agency CML
245 ## - TITLE STATEMENT
Title A Practical Guide to Activities for Young Children.
Statement of responsibility, etc. Hobart C.
260 ## - PUBLICATION, DISTRIBUTION, ETC.
Place of publication, distribution, etc. UK
Name of publisher, distributor, etc. Nelson Thornes
Date of publication, distribution, etc. 1995
942 ## - ADDED ENTRY ELEMENTS (KOHA)
Source of classification or shelving scheme Dewey Decimal Classification
Koha item type Audio Files
Edition 1st Edition
Classification part 305
Call number suffix CHR

No items available.

Powered by Koha